000
00263nam a22001217a 4500
082
_a
001
_b
MTG/T
100
_a
MTG BOOKS
245
_a
CBSE - PMT CHEMISTRY
260
_a
DELHI
_b
MTG BOOKS
_c
2008
300
_a
23
650
_a
CHEMISTRY REFERENCE
_z
INDIA
942
_c
BK
999
_c
1489
_d
1489